Вып. 63; Материалы гляциологических исследований

Bibliografiske detaljer
Parent link:Материалы гляциологических исследований: [сборник статей]/ Академия наук СССР (АН СССР), Междуведомственный геофизический комитет ; Институт географии (ИГ). Вып. 63.— , 1988-
Sprog:russisk
Udgivet: 1988
Fag:
Format: MixedMaterials Bog
KOHA link:https://koha.lib.tpu.ru/cgi-bin/koha/opac-detail.pl?biblionumber=106454

MARC

LEADER 00000nam2a2200000 4500
001 106454
005 20231031114915.0
035 |a (RuTPU)RU\TPU\book\114904 
090 |a 106454 
100 |a 20061208d1988 k y0rusy50 ca 
101 0 |a rus 
102 |a RU 
105 |a a z 000zy 
200 0 |a Вып. 63 
210 |d 1988 
215 |a 243 с.  |c ил. 
320 |a Библиография в конце глав. 
461 1 |0 (RuTPU)RU\TPU\book\28503  |t Материалы гляциологических исследований  |o [сборник статей]  |f Академия наук СССР (АН СССР), Междуведомственный геофизический комитет ; Институт географии (ИГ)  |v Вып. 63  |d 1988- 
610 1 |a гляциология 
610 1 |a гляциологические исследования 
610 1 |a ледниковые системы 
610 1 |a лед 
610 1 |a водяной пар 
610 1 |a ледники 
610 1 |a строение 
610 1 |a лавины 
675 |a 551.321  |v 3 
801 1 |a RU  |b 63413507  |c 20061208  |g PSBO 
801 2 |a RU  |b 63413507  |c 20120926  |g PSBO 
942 |c BK